LEADER 01763nam 2200445 450 001 9910136580703321 005 20160611070955.0 010 $a1-63485-376-8 035 $a(CKB)3710000000908011 035 $a(MiAaPQ)EBC4730627 035 $a(EXLCZ)993710000000908011 100 $a20161111h20162016 uy 0 101 0 $aeng 135 $aurcnu|||||||| 181 $2rdacontent 182 $2rdamedia 183 $2rdacarrier 200 10$aDepleted uranium induced Petkau effect $echallenges for the future /$fSvetlana Zunic and Ljubisa Rakic 210 1$aNew York, [New York] :$cNovinka,$d2016. 210 4$dİ2016 215 $a1 online resource (153 pages) $cillustrations, tables 225 1 $aNuclear Materials and Disaster Research 311 $a1-63484-046-1 320 $aIncludes bibliographical references and index. 327 $aDepleted uranium radiochemical properties -- Environmental effects of depleted uranium -- The Petkau effect -- Radiation and biosystem -- Radiobiology of depleted uranium -- Health effects of depleted uranium -- Metabolome changes in low-dose radiation exposure -- Are the health effects of depleted uranium recognizable and preventable? 410 0$aNuclear materials and disaster research. 606 $aDepleted uranium$xHealth aspects 606 $aDepleted uranium$xEnvironmental aspects 615 0$aDepleted uranium$xHealth aspects. 615 0$aDepleted uranium$xEnvironmental aspects. 676 $a363.1799 700 $aZunic$b Svetlana$01249220 702 $aRakic?$b Ljubis?a 801 0$bMiAaPQ 801 1$bMiAaPQ 801 2$bMiAaPQ 906 $aBOOK 912 $a9910136580703321 996 $aDepleted uranium induced Petkau effect$92895023 997 $aUNINA LEADER 03081nam 2200745 450 001 9910797610803321 005 20200122113448.0 010 $a0-7190-9862-9 010 $a1-78170-866-5 010 $a0-7190-9863-7 010 $z9780719096303$bhardback 010 $z0719096308$bhardback 035 $a(CKB)3710000000493228 035 $a(EBL)4083586 035 $a(SSID)ssj0001588155 035 $a(PQKBManifestationID)16273541 035 $a(PQKBTitleCode)TC0001588155 035 $a(PQKBWorkID)14863260 035 $a(PQKB)10482753 035 $a(MiAaPQ)EBC4083586 035 $a(StDuBDS)EDZ0001280993 035 $a(OCoLC)981865171 035 $a(MdBmJHUP)muse59518 035 $a(UkMaJRU)992979819723601631 035 $a(DE-B1597)659577 035 $a(DE-B1597)9780719098635 035 $a(EXLCZ)993710000000493228 100 $a20191212h20152015 fy| 0 101 0 $aeng 135 $aur||#---||||| 181 $ctxt$2rdacontent 182 $cc$2rdamedia 183 $acr$2rdacarrier 200 10$aOperation Demetrius and its aftermath $eA new history of the use of internment without trial in Northern Ireland 1971-75 /$fMartin J. McCleery 210 1$aManchester, UK :$cManchester University Press,$d2015. 210 4$dİ2015 215 $a1 online resource $cdigital file(s) 311 08$aPrint version: 9780719096303 hardback 320 $aIncludes bibliographical references and index. 327 $aIntroduction -- 1 Prelude to internment -- 2 High politics, intelligence and the introduction of internment -- 3 Legacies of internment -- 4 The evolution of 'The Troubles' outside of Belfast and Derry before internment -- 5 The evolution of 'The Troubles' outside of Belfast and Derry after internment -- 6 Conclusion -- Bibliography -- Index 330 8 $aThis title provides a more comprehensive account of internment and assesses previously unexplored aspects of its use. Drawing on archival sources the high politics and intelligence surrounding the introduction of internment are considered and in doing so accepted narratives regarding the measure are challenged. 606 $aPolitical prisoners$zNorthern Ireland$xHistory$y20th century 606 $aPolitics$2mup 606 $aPolitical Control & Freedoms$2bicssc 606 $aPOLITICAL SCIENCE / Political Freedom$2bisach 606 $aPolitical control & freedoms$2thema 607 $aNorthern Ireland$xHistory$y1969-1994 610 $aConsequences. 610 $aDynamics of conflict. 610 $aHigh politics. 610 $aIntelligence. 610 $aInternment. 610 $aNorthern Ireland. 615 0$aPolitical prisoners$xHistory 615 7$aPolitics 615 7$aPolitical Control & Freedoms 615 7$aPOLITICAL SCIENCE / Political Freedom 615 7$aPolitical control & freedoms 676 $a941.6 700 $aMcCleery$b Martin J.$01527517 801 2$bUkMaJRU 906 $aBOOK 912 $a9910797610803321 996 $aOperation Demetrius and its aftermath$93770406 997 $aUNINA LEADER 03509nam 22006972 450 001 9910973894803321 005 20151005020620.0 010 $a1-107-21282-0 010 $a1-139-06301-4 010 $a1-283-11228-0 010 $a9786613112286 010 $a1-139-07523-3 010 $a1-139-08205-1 010 $a1-139-06946-2 010 $a1-139-07749-X 010 $a1-139-07978-6 010 $a0-511-92106-3 035 $a(CKB)3190000000006279 035 $a(EBL)691861 035 $a(OCoLC)726734758 035 $a(SSID)ssj0000460019 035 $a(PQKBManifestationID)11283316 035 $a(PQKBTitleCode)TC0000460019 035 $a(PQKBWorkID)10473619 035 $a(PQKB)10336336 035 $a(UkCbUP)CR9780511921063 035 $a(MiAaPQ)EBC691861 035 $a(Au-PeEL)EBL691861 035 $a(CaPaEBR)ebr10470666 035 $a(CaONFJC)MIL311228 035 $a(EXLCZ)993190000000006279 100 $a20100923d2011|||| uy| 0 101 0 $aeng 135 $aur||||||||||| 181 $ctxt$2rdacontent 182 $cc$2rdamedia 183 $acr$2rdacarrier 200 10$aFamily law and the indissolubility of parenthood /$fPatrick Parkinson 205 $a1st ed. 210 1$aCambridge :$cCambridge University Press,$d2011. 215 $a1 online resource (xiv, 286 pages) $cdigital, PDF file(s) 300 $aTitle from publisher's bibliographic system (viewed on 05 Oct 2015). 311 08$a1-107-61433-3 311 08$a0-521-11610-4 327 $aFamily law and the issue of gender conflict -- The divorce revolution and the process of allocation -- Redefining parenthood after separation -- Reasons for the demise of sole custody -- Shared parenting : the new frontier -- Violence, abuse and post-separation parenting -- Relocation -- Dispute resolution for the enduring family -- Adjudication for the enduring family -- Child support and the obligations of parenthood -- Spousal support and the feminization of poverty -- Between two conflicting views of separation and divorce. 330 $aThere are few areas of public policy in the Western world where there is as much turbulence as in family law. Often the disputes are seen in terms of an endless war between the genders. Reviewing developments over the last 30 years in North America, Europe and Australasia, Patrick Parkinson argues that, rather than just being about gender, the conflicts in family law derive from the breakdown of the model on which divorce reform was predicated in the late 1960s and early 1970s. Experience has shown that although marriage may be freely dissoluble, parenthood is not. Dealing with the most difficult issues in family law, this book charts a path for law reform that recognizes that the family endures despite the separation of parents, while allowing room for people to make a fresh start and prioritizing the safety of all concerned when making decisions about parenting after separation. 517 3 $aFamily Law & the Indissolubility of Parenthood 606 $aDomestic relations 606 $aDivorce$xLaw and legislation 606 $aCustody of children 615 0$aDomestic relations. 615 0$aDivorce$xLaw and legislation. 615 0$aCustody of children. 676 $a346.01/5 700 $aParkinson$b Patrick$01844524 801 0$bUkCbUP 801 1$bUkCbUP 906 $aBOOK 912 $a9910973894803321 996 $aFamily law and the indissolubility of parenthood$94427206 997 $aUNINA